Statistics for Formula 1 2020 Drivers

Click here to take the quiz!

General Stats

  • This quiz has been taken 84 times
  • The average score is 19 of 20

Answer Stats

TeamCarDriver% Correct
Mercedes-AMG Petronas44Lewis Hamilton
100%
Mercedes-AMG Petronas77Valtteri Bottas
100%
Aston Martin Red Bull23Alexander Albon
99%
McLaren F1 Team55Carlos Sainz Jr.
99%
Scuderia Ferrari16Charles Leclerc
99%
Alfa Romeo Racing Orlen07Kimi Räikkönen
99%
McLaren F1 Team04Lando Norris
99%
Aston Martin Red Bull33Max Verstappen
99%
Scuderia Ferrari05Sebastian Vettel
99%
SportPesa Racing Point11Sergio Pérez
99%
Renault F1 Team03Daniel Ricciardo
97%
Renault F1 Team31Esteban Ocon
97%
ROKiT Williams Racing63George Russell
97%
Haas F1 Team20Kevin Magnussen
97%
Scuderia AlphaTauri26Daniil Kvyat
96%
SportPesa Racing Point18Lance Stroll
96%
Scuderia AlphaTauri10Pierre Gasly
96%
Haas F1 Team08Romain Grosjean
96%
Alfa Romeo Racing Orlen99Antonio Giovinazzi
92%
ROKiT Williams RacingTBANicholas Latifi
89%

Score Distribution

Percentile by Number Answered

Percent of People with Each Score

Your Score History

You have not taken this quiz